Writing for radio / (Record no. 5907)
[ view plain ]
| 000 -LEADER | |
|---|---|
| fixed length control field | 01079cam a2200217 4500 |
| 001 - CONTROL NUMBER | |
| control field | 6971 |
| 010 ## - LIBRARY OF CONGRESS CONTROL NUMBER | |
| LC control number | 2001031227 |
| 020 ## - INTERNATIONAL STANDARD BOOK NUMBER | |
| International Standard Book Number | 0719058422 (hardback) |
| International Standard Book Number | 0719058430 (paperback) |
| International Standard Book Number | 9780719058424 (hardback) |
| International Standard Book Number | 9780719058431 (paperback) |
| 100 1# - MAIN ENTRY--PERSONAL NAME | |
| Personal name | McInerney, Vincent. |
| 245 10 - TITLE STATEMENT | |
| Title | Writing for radio / |
| Statement of responsibility, etc. | Vincent McInerney. |
| 260 ## - PUBLICATION, DISTRIBUTION, ETC. | |
| Place of publication, distribution, etc. | Manchester ; |
| -- | New York : |
| Name of publisher, distributor, etc. | Manchester University Press ; |
| Place of publication, distribution, etc. | New York, NY : |
| Name of publisher, distributor, etc. | Distributed exclusively in the USA by Palgrave, |
| Date of publication, distribution, etc. | 2001. |
| 300 ## - PHYSICAL DESCRIPTION | |
| Extent | xii, 276 p. ; |
| Dimensions | 23 cm. |
| 504 ## - BIBLIOGRAPHY, ETC. NOTE | |
| Bibliography, etc. note | Includes bibliographical references (p. [266]-268) and index. |
| 505 0# - FORMATTED CONTENTS NOTE | |
| Formatted contents note | Ch. 1. From the beginning: the philosophy of radio -- Ch. 2. Why radio? -- Ch. 3. The medium is the message -- Ch. 4. The radio short story -- Ch. 5. The radio play and the drama-documentary -- Ch. 6. The radio adaptation and dramatisation -- Ch. 7. Radio talks and features -- Ch. 8. Verse...and worse -- Ch. 9. The radio advertisement. |
| 530 ## - ADDITIONAL PHYSICAL FORM AVAILABLE NOTE | |
| Additional physical form available note | Also issued online. |
| 650 #0 - SUBJECT ADDED ENTRY--TOPICAL TERM | |
| Topical term or geographic name entry element | Radio authorship. |
| Withdrawn status | Lost status | Source of classification or shelving scheme | Damaged status | Not for loan | Collection code | Home library | Current library | Shelving location | Date acquired | Serial Enumeration / chronology | Inventory number | Total Checkouts | Full call number | Barcode | Date last seen | Date last checked out | Price effective from | Koha item type |
|---|---|---|---|---|---|---|---|---|---|---|---|---|---|---|---|---|---|---|
| Dewey Decimal Classification | Main TEST | RTC Library | RTC Library | Main opac | 27/11/2018 | 10804 | 1 | 791.44 MCL | 30010234 | 20/02/2021 | 22/03/2020 | 27/11/2018 | Main |